Những tiếp xúc đầu tiên của người Nga với Việt Nam
v.v...
Đã lưu trong:
| Tác giả chính: | |
|---|---|
| Định dạng: | Sách |
| Năm xuất bản: |
H.
Văn học
1997
|
| Chủ đề: | |
| Tags: |
Thêm thẻ
Không có thẻ, Hãy là người đầu tiên gắn thẻ bản ghi này!
|
| LEADER | 01268nam a2200229 4500 | ||
|---|---|---|---|
| 082 | |a 303.482 |b NH556t | ||
| 100 | |a Thúy Toàn | ||
| 245 | |a Những tiếp xúc đầu tiên của người Nga với Việt Nam |c Thúy Toàn, Dương Trung Quốc | ||
| 260 | |a H. |b Văn học |c 1997 | ||
| 300 | |a 255 tr. |c 19 cm. | ||
| 520 | |a v.v... | ||
| 653 | |a Xã hội | ||
| 653 | |a Giao tiếp văn hóa | ||
| 653 | |a Nga | ||
| 653 | |a Việt Nam | ||
| 942 | |2 ddc |c STK0 | ||
| 999 | |c 8844 |d 8844 | ||
| 952 | |0 0 |1 0 |2 ddc |4 0 |6 303_482000000000000_NH556T |7 0 |8 300 |9 71789 |a qbu |b qbu |c D2 |d 2015-05-01 |g 20000 |o 303.482 NH556t. |p 8572.c1 |r 0000-00-00 |w 2015-05-01 |y STK0 | ||
| 952 | |0 0 |1 0 |2 ddc |4 0 |6 303_482000000000000_NH556T |7 0 |8 300 |9 71790 |a qbu |b qbu |c D2 |d 2015-05-01 |g 20000 |o 303.482 NH556t. |p 8572.c2 |r 0000-00-00 |w 2015-05-01 |y STK0 | ||
| 952 | |0 0 |1 0 |2 ddc |4 0 |6 303_482000000000000_NH556T |7 0 |8 300 |9 71791 |a qbu |b qbu |c D2 |d 2015-05-01 |g 20000 |o 303.482 NH556t. |p 8572.c3 |r 0000-00-00 |w 2015-05-01 |y STK0 | ||
| 952 | |0 0 |1 0 |2 ddc |4 0 |6 303_482000000000000_NH556T |7 0 |8 300 |9 71792 |a qbu |b qbu |c D2 |d 2015-05-01 |g 20000 |o 303.482 NH556t. |p 8572.c4 |r 0000-00-00 |w 2015-05-01 |y STK0 | ||
| 952 | |0 0 |1 0 |2 ddc |4 0 |6 303_482000000000000_NH556T |7 0 |8 300 |9 71793 |a qbu |b qbu |c D2 |d 2015-05-01 |g 20000 |o 303.482 NH556t. |p 8572.c5 |r 0000-00-00 |w 2015-05-01 |y STK0 | ||